000 00476nam a2200181Ia 4500
008 100920s9999 xx 000 0 und d
082 _b33246
_a17 0
100 _aWARTD H. W.
245 _aFLOWERS AND FLOWER CULTURE.
260 _bWALTER SCOOTT , LONDON.
_c0
300 _a121
_bसाधी
365 _b0
520 _aपी.एस.
630 _aFLOWERS AND FLOWER CULTURE.
650 _aपी.एस.
730 _aFLOWERS AND FLOWER CULTURE.
942 _cBOOK
999 _c687931
_d687928